00937cam a22002651 450000100060000000300080000600500170001400800410003103500190007203500140009104000420010504100080014708200220015510000490017724500930022625000120031926000420033130000310037365000430040470000310044770000290047894200120050799900170051995201350053612761BD-RjUL20211208235342.0140129s1963 moua 000 0 eng  a(BD-RjUL)12811 a(BD-RjUL) aDLCcOWorPdOCoLCdUkd(BD-RjUL)beng aeng a612.072bZOL 19631 aZoethout, William Douwes,d1871-1959.93974810aLaboratory experiments in physiology /cRev. by Blaine H. Levedahl and Albert A. Berber. a6th ed. aSaint Louis,bC. V. Mosby Co.,c1963. a170 p. :billus. ;c23 cm. 0aPhysiologyxLaboratory manuals.9381451 aLevedahl, Blaine H.9397491 aBarber, Albert A.939750 2ddccBK c12761d12761 00102ddc40718NFICaRUCLbRUCLcReadingd1990-11-24eCanada giftl0o612.072 ZOL 1963r2014-01-29 00:00:00tC-1w2014-01-29yBK